| 000 | 00622nam a2200193Ia 4500 | ||
|---|---|---|---|
| 020 | _a0785429255 (student ed.) | ||
| 020 | _a0785429263 (teacher's ed.) | ||
| 040 | _cMNC | ||
| 082 | _a001 AGS 2001 A002 Or. | ||
| 100 | 1 | _aWalker, Bonnie L | |
| 245 | 1 | 0 | _aBasic English composition / |
| 246 | 3 | 0 | _aAGS basic English composition |
| 260 |
_aCircle Pines, MN : _bAGS, American Guidance Service, _cc2003 |
||
| 300 |
_axii, 338 p. : _bill. ; _c24 cm. + _eTeacher's edition (T18, xiv, 370 p. : ill. ; 28 cm.) |
||
| 500 | _aIncludes index | ||
| 650 | 0 | _aEnglish language | |
| 710 | 2 | _aAmerican Guidance Service | |
| 942 | _cEK | ||
| 999 |
_c16771 _d16771 |
||